Rywale reprezentacji Polski w piłce nożnej na LIO - Statystyki

Ogólne statystyki
  • Ten quiz został rozwiązany 75 razy
  • Średni wynik to 9 z 18
Statystyki odpowiedzi
LIO: Reprezentacja: % Poprawnych
Barcelona 1992 Hiszpania
95%
Monachium 1972 NRD
75%
Montreal 1976 NRD
75%
Barcelona 1992 Stany Zjednoczone
75%
Monachium 1972 ZSRR
74%
Barcelona 1992 Włochy
68%
Monachium 1972 Węgry
66%
Montreal 1976 Brazylia
65%
Barcelona 1992 Australia
60%
Monachium 1972 Dania
43%
Monachium 1972 Maroko
35%
Monachium 1972 Kolumbia
34%
Montreal 1976 Iran
31%
Barcelona 1992 Katar
31%
Barcelona 1992 Kuwejt
29%
Monachium 1972 Ghana
22%
Montreal 1976 KRLD
22%
Montreal 1976 Kuba
17%
Nie znaleziono quizów pasujących do podanych kryteriów
Rozkład punktacji
Procent ludzi z każdym wynikiem
Percentyl według liczby udzielonych odpowiedzi
Twoja historia wyników
Nie rozwiązałeś tego quizu